000 00533nam a2200181Ia 4500
008 090124s9999 xx 000 0 und d
082 _b43952
100 _aठाकूर दिलीप
245 _a मॅटिनी शो
250 _a1
260 _bसानिया पब्लिकेशन
_c2005
300 _a164
600 _aठाकूर दिलीप
630 _a मॅटिनी शो
700 _aठाकूर दिलीप
730 _a मॅटिनी शो
942 _cBOOK
999 _c110171
_d110171